000 00503nam a2200181Ia 4500
003 OSt
005 20240925163130.0
008 210210b1963 xxu||||| |||| 00| 0 eng d
040 _cAL
041 _akan
082 _a859/1772
100 _aVENKATACHARYA (B)
_9156472
_d ವೆಂಕಟಾಚಾರ್ಯ (ಬಿ)
245 _aChadrashekhara:
_bಚಂದ್ರಶೇಖರ
260 _aBengaluru
_bSahitya Mandira
_c1963
690 _aKannada Fiction
_9156473
906 _a022493
942 _2ddc
_cBK
999 _c146896
_d146896